00599 2200205 4500001002100000005001700021008004100038020001800079035002400097082001200121090001900133100002400152245008300176260002800259300003300287500001100320504002500331650001500356990002200371YOGYA-0712000000022520120722222812.0 ind  a602-8335-67-3 0010-071200000000225 a305.899 a305.899bNas O aNASRUDDIN SUYUTI, H aOrang bajo di tengah perubahan / H. Nasruddin Suyuti; penyunting, La Ode Aris. aYogyakartabOmbakc2011 aXXVI, 186 hlm.bilusc21 cm. aIndeks aTermasuk bibliografi aOrang Bajo aCB-D.11 2011-2168